Statistiques concernant Animés - Personnages blonds

Cliquez ici pour prendre le quiz!

Statistiques générales

  • Ce quiz a été pris 364 fois
    (217 depuis la dernière actualisation)
  • Le résultat moyen est 23 sur 134

Statistiques - réponses

Personnages% Correct
A (3e Raikage)
100%
A (4e Raikage)
100%
Boruto Uzumaki
78%
Vinsmoke Sanji
78%
Armin Arlelt
73%
Naruto Uzumaki
72%
Meliodas
69%
Lucy Ashley
67%
Lucy Heartfilia
67%
Kurapika
65%
Katsuki Bakugo
61%
Manjiro Sano
59%
Mitsuki Bakugo
58%
Ken Ryûgûji
56%
Annie Leonhart
48%
Minato Namikaze
46%
Zenitsu Agatsuma
45%
Ryōta Kise
43%
Ino Yamanaka
42%
Erwin Smith
41%
Laxus Dreyar
38%
Genos
37%
Toshinori Yagi
33%
Reiner Braun
32%
Tsunade Senju
30%
Historia Reiss
26%
C-18
24%
Denki Kaminari
24%
Misa Amane
24%
Sabo
23%
Sting Eucliffe
21%
Himiko Toga
20%
Jin Bubaigawara
20%
Rio Nakamura
20%
Temari
20%
Biscuit Krueger
19%
Don Quichotte Doflamingo
19%
Chifuyu Matsuno
18%
Mavis Vermillion
18%
Yu Takeyama
18%
Deidara
17%
Emma Sano
15%
Inojin Yamanaka
15%
Mirio Togata
15%
Irina Poufanovich
13%
Marco
13%
Yuga Aoyama
13%
Keigo Takami
12%
Kisuke Urahara
10%
Tetta Kisaki
10%
Don Quichotte Rossinante
9%
Elaine
9%
Enel
9%
Hizashi Yamada
9%
Inoichi Yamanaka
9%
Jenny Realight
9%
Kaya
9%
Killer
9%
King
9%
Neito Monoma
9%
Anna Heartfilia
8%
Béatrice
8%
Kento Nanami
8%
Momo Nishimiya
8%
Shinji Hirako
8%
Shô
8%
Tsunagu Hakamada
8%
Vinsmoke Judge
8%
Zeff
8%
Eve Tearm
7%
Hanemiya Kazutora
7%
Izuru Kira
7%
Jude Heartfilia
7%
Kotarō Hayama
7%
Lunch
7%
Mihael Keehl
7%
Pakunoda
7%
Queen
7%
Yuri Dreyar
7%
Samui
6%
Alexandra Garcia
5%
Basil Hawkins
5%
Hannes
5%
Larcade Dragneel
5%
Layla Heartfilia
5%
Rufus Lore
5%
Sharnalk
5%
Zancrow
5%
Dimaria Yesta
4%
Imitatia
4%
Killer B
4%
Mashirao Ojiro
4%
Shaupfufu
4%
Silva Zoldik
4%
Tier Halibel
4%
Genthru
3%
Hiyori Sarugaki
3%
Howzer
3%
Jerome
3%
Jugram Haschwalth
3%
Kōsuke Wakamatsu
3%
Kyojuro Rengoku
3%
Marron
3%
Pariston Hill
3%
Phinks Magkav
3%
Pony Tsunotori
3%
Sugarboy
3%
Gerard Valkyrie
2%
Jackal
2%
Jenna
2%
Lilin
2%
Matrona
2%
Ryuko Tatsuma
2%
Sawyer
2%
Tatami Nagakame
2%
Yugito Nii
2%
Buntan Kurosuki
1%
Flash
1%
Gelda
1%
Gengetsu Hôzuki
1%
Goto Imasuji
1%
Gremmy Thoumeaux
1%
Jillian
1%
Kushimaru Kuriarare
1%
Ophiuchus
1%
Priscilla Barielle
1%
Ryuko Tsuchikawa
1%
Senjuro Rengoku
1%
Shiho
1%
Shinjuro Rengoku
1%
Uwabami
1%
Waiyo
1%
Wonderweiss Margela
1%

Distribution des résultats

Percentile par nombre de réponses

% des personnes avec chaque résultat

Votre développement - résultats

Vous n’avez pas pris ce quiz depuis la dernière actualisation